Criminal law & criminal procedure : (Record no. 23700)
[ view plain ]
| 000 -LEADER | |
|---|---|
| fixed length control field | 01048nam a22002295a 4500 |
| 005 - DATE AND TIME OF LATEST TRANSACTION | |
| control field | 20161222110357.0 |
| 008 - FIXED-LENGTH DATA ELEMENTS--GENERAL INFORMATION | |
| fixed length control field | 161222s2015 xx frd 000 0 mul d |
| 041 1# - LANGUAGE CODE | |
| Language code of text/sound track or separate title | eng |
| -- | ara |
| 082 04 - DEWEY DECIMAL CLASSIFICATION NUMBER | |
| Classification number | 345.03 |
| Item number | SHA |
| Edition number | 22 |
| 100 1# - MAIN ENTRY--PERSONAL NAME | |
| Personal name | Shams el Din, Ashraf. |
| 245 10 - TITLE STATEMENT | |
| Title | Criminal law & criminal procedure : |
| Remainder of title | English, Arabic legal terminology = القانون الجنائي والإجراءات الجنائية : مصطلحات قانونية باللغة الإنجليزية والعربية / |
| 246 31 - VARYING FORM OF TITLE | |
| Title proper/short title | القانون الجنائي والإجراءات الجنائية : مصطلحات قانونية باللغة الإنجليزية والعربية |
| 246 31 - VARYING FORM OF TITLE | |
| Title proper/short title | Criminal law and criminal procedure : English, Arabic legal terminology |
| 260 ## - PUBLICATION, DISTRIBUTION, ETC. (IMPRINT) | |
| Place of publication, distribution, etc | [S. l. : |
| Name of publisher, distributor, etc | S. n.], |
| Date of publication, distribution, etc | 2015. |
| 300 ## - PHYSICAL DESCRIPTION | |
| Extent | 171 p. ; |
| Dimensions | 24 cm. |
| 504 ## - BIBLIOGRAPHY, ETC. NOTE | |
| Bibliography, etc | Includes bibliographical references. |
| 650 #7 - SUBJECT ADDED ENTRY--TOPICAL TERM | |
| Topical term or geographic name as entry element | Criminal law |
| Form subdivision | Dictionaries. |
| Source of heading or term | BUEsh |
| 650 #7 - SUBJECT ADDED ENTRY--TOPICAL TERM | |
| Topical term or geographic name as entry element | Criminal procedure |
| Form subdivision | Dictionaries. |
| Source of heading or term | BUEsh |
| 651 ## - SUBJECT ADDED ENTRY--GEOGRAPHIC NAME | |
| Source of heading or term | BUEsh |
| 653 ## - INDEX TERM--UNCONTROLLED | |
| Resource For college | Law |
| Arrived date list | December2016 |
| 942 ## - ADDED ENTRY ELEMENTS (KOHA) | |
| Source of classification or shelving scheme | Dewey Decimal Classification |
| Withdrawn status | Item status | Source of classification or shelving scheme | Damaged status | Not for loan | Vendor | Home library | Current library | Shelving location | Date acquired | Source of acquisition | Cost, normal purchase price | Serial Enumeration / chronology | Total Checkouts | Full call number | Barcode | Date last seen | Cost, replacement price | Koha item type | Total Renewals | Date last borrowed |
|---|---|---|---|---|---|---|---|---|---|---|---|---|---|---|---|---|---|---|---|---|
| Dewey Decimal Classification | دار النهضة العربية | Central Library | Central Library | First floor | 22/12/2016 | Purchase | 40.00 | 2815 | 345.03 SHA | 000040584 | 15/07/2025 | 50.00 | Book - Borrowing | |||||||
| Dewey Decimal Classification | دار النهضة العربية | Central Library | Central Library | First floor | 22/12/2016 | Purchase | 40.00 | 2815 | 2 | 345.03 SHA | 000040583 | 15/07/2025 | 50.00 | Book - Borrowing | 7 | 05/10/2022 |